|
|
|
|
| LEADER |
02233nam a22004457a 4500 |
| 001 |
33845 |
| 005 |
20211109104417.0 |
| 008 |
181017t2016 ne a b 001 0 eng d |
| 999 |
|
|
|c 39514
|d 39514
|
| 010 |
|
|
|a 2014395395
|
| 015 |
|
|
|a GBB389064
|2 bnb
|
| 016 |
7 |
|
|a 016507383
|2 Uk
|
| 020 |
|
|
|a 9780124077263 (pbk.)
|
| 020 |
|
|
|a 0124077269 (pbk.)
|
| 020 |
|
|
|a 9789351073376
|
| 035 |
|
|
|a (OCoLC)ocn859555917
|
| 040 |
|
|
|a UKMGB
|b eng
|c UKMGB
|e rda
|d OCLCO
|d UV0
|d CDN
|d TXI
|d FUG
|d DLC
|d BD-DhAAL
|
| 042 |
|
|
|a lccopycat
|
| 050 |
0 |
0 |
|a QA76.9.C643
|b P37 2014
|
| 082 |
0 |
4 |
|a 004.21
|2 23
|
| 100 |
1 |
|
|a Patterson, David A.
|9 28414
|
| 245 |
1 |
0 |
|a Computer organization and design :
|b the hardware/software interface /
|c David A. Patterson ; John L. Hennessy
|
| 250 |
|
|
|a Fifth edition /
|
| 264 |
|
1 |
|a Amsterdam ;
|a Boston :
|b Elsevier/Morgan Kaufmann, Morgan Kaufmann is an imprint of Elsevier,
|c 2016
|
| 264 |
|
4 |
|c ©2016
|
| 300 |
|
|
|a 575 pages, 194 variously numbered pages :
|b illustrations ;
|c 24 cm
|
| 504 |
|
|
|a Includes bibliographical references and index.
|
| 505 |
0 |
|
|a Computer abstractions and technology -- Instructions : language of the computer -- Arithmetic for computers -- The processor -- Large and fast : exploiting memory hierarchy -- Parallel processors from client to cloud.
|
| 520 |
|
|
|a "Presents the fundamentals of hardware technologies, assembly language, computer arithmetic, pipelining, memory hierarchies and I/O"--Provided by publisher.
|
| 526 |
|
|
|a CSE
|
| 541 |
|
|
|a STS Internationl
|e 33845, 33846
|
| 650 |
|
0 |
|a Computer organization.
|9 28415
|
| 650 |
|
0 |
|a System design
|x Data processing.
|9 28416
|
| 650 |
|
0 |
|a Computer architecture.
|9 28417
|
| 650 |
|
0 |
|a Computer science.
|9 42470
|
| 700 |
1 |
|
|a Hennessy, John L.
|9 28418
|
| 852 |
|
|
|a Ayesha Abed Library
|c General Stacks
|
| 942 |
|
|
|2 ddc
|c BK
|
| 952 |
|
|
|0 0
|1 0
|2 ddc
|4 0
|6 004_210000000000000_PAT
|7 0
|9 64452
|a BRACUL
|b BRACUL
|c GEN
|d 2018-10-14
|e STS Internationl
|g 1050.00
|l 12
|m 117
|o 004.21 PAT
|p 3010033846
|r 2025-11-02
|s 2025-10-22
|t 2
|v 1050.00
|w 2018-10-14
|y BK
|
| 952 |
|
|
|0 0
|1 0
|2 ddc
|4 0
|6 004_210000000000000_PAT
|7 0
|9 64453
|a BRACUL
|b BRACUL
|c GEN
|d 2018-10-14
|e STS International
|g 1050.00
|l 8
|m 78
|o 004.21 PAT
|p 3010033845
|r 2024-06-11
|s 2024-06-05
|t 1
|v 1050.00
|w 2018-10-14
|y BK
|